| 000 | 00494nam a22001695i 4500 | ||
|---|---|---|---|
| 001 | 48462 | ||
| 003 | ES-MaACL | ||
| 005 | 20230906161745.0 | ||
| 007 | t| | ||
| 008 | 950719s1873 fr ||||1| fre d | ||
| 040 |
_aCAM _bspa _cCAM |
||
| 100 | 1 |
_aDehérain, P.P. _943242 |
|
| 245 | 1 | 0 |
_aCours de chimie agricole... / _cpar P.P. Dehérain. |
| 260 |
_aParis : _blibrairie Hachette et Cie., _c1873 ( _fimprimerie de E. Martinet) |
||
| 300 |
_aXII, 616 p. ; _c22 cm. |
||
| 852 |
_aES-MaACL _jC-12035 |
||
| 999 |
_c48462 _d48462 |
||